书目信息 |
| 题名: |
智能通信
|
|
| 作者: | 周贤伟 主编 ;马忠贵 , 涂序彦 编著 | |
| 分册: | ||
| 出版信息: | 北京 国防工业出版社 2009.1 |
|
| 页数: | 272页 | |
| 开本: | 26cm | |
| 丛书名: | 现代通信高技术丛书 | |
| 单 册: | ||
| 中图分类: | TN914 | |
| 科图分类: | ||
| 主题词: | 通信系统--tong xin xi tong | |
| 电子资源: | ||
| ISBN: | 978-7-118-05858-1 | |
| 000 | 01102nam 2200289 450 | |
| 001 | 532834 | |
| 005 | 20100806161318.65 | |
| 010 | @a978-7-118-05858-1@dCNY39.00 | |
| 100 | @a20100515d2009 ekmy0chiy0121 ea | |
| 101 | 0 | @achi |
| 102 | @aCN@b110000 | |
| 105 | @aa a 000yy | |
| 200 | 1 | @a智能通信@Azhi neng tong xin@f周贤伟主编@g马忠贵, 涂序彦编著 |
| 210 | @a北京@c国防工业出版社@d2009.1 | |
| 215 | @a272页@c图@d26cm | |
| 225 | 2 | @a现代通信高技术丛书@Axian dai tong xin gao ji shu cong shu |
| 320 | @a有书目 | |
| 330 | @a全书全面地介绍了智能通信的研究背景、智能通信的概念及其体系结构、智能通信的科技基础和关键技术、智能通信提供的服务应用案例分析、智能通信的研究进展及展望等。 | |
| 333 | @a本书可作为高等院校通信、电子信息等专业高年级本科生和研究生的教材, 也可作为从事相关专业的工程技术人员和科研人员的参考书 | |
| 410 | 0 | @12001 @a现代通信高技术丛书 |
| 606 | 0 | @a通信系统@Atong xin xi tong |
| 690 | @aTN914@v4 | |
| 701 | 0 | @a周贤伟@Azhou xian wei@4主编 |
| 702 | 0 | @a马忠贵@Ama zhong gui@4编著 |
| 702 | 0 | @a涂序彦@Atu xu yan@4编著 |
| 801 | 0 | @aCN@c20100515 |
| 905 | @dTN914@eZ800@f5 | |
| 智能通信/周贤伟主编/马忠贵, 涂序彦编著.-北京:国防工业出版社,2009.1 |
| 272页:图;26cm.-(现代通信高技术丛书) |
| 使用对象:本书可作为高等院校通信、电子信息等专业高年级本科生和研究生的教材, 也可作为从事相关专业的工程技术人员和科研人员的参考书 |
| ISBN 978-7-118-05858-1:CNY39.00 |
| 全书全面地介绍了智能通信的研究背景、智能通信的概念及其体系结构、智能通信的科技基础和关键技术、智能通信提供的服务应用案例分析、智能通信的研究进展及展望等。 |
| ● |
| 相关链接 |
|
|
|
正题名:智能通信
索取号:TN914/Z800
 
预约/预借
| 序号 | 登录号 | 条形码 | 馆藏地/架位号 | 状态 | 备注 |
| 1 | 998933 | 209989333 | 自科库301/301自科库 28排4列2层/ [索取号:TN914/Z800] | 在馆 | |
| 2 | 998934 | 209989342 | 期刊室512/301自科库 28排4列2层/ [索取号:TN914/Z800] | 在馆 | |
| 3 | 998935 | 209989351 | 自科库301/301自科库 100排2列6层/ [索取号:TN914/Z800] | 在馆 | |
| 4 | 998936 | 209989360 | 自科库301/404自科库 16排1列4层/ [索取号:TN914/Z800] | 在馆 | |
| 5 | 998937 | 209989379 | 期刊室512/301自科库 28排4列2层/ [索取号:TN914/Z800] | 在馆 |